LEADER 01142nam0-2200385li-450 001 990000268250203316 005 20180312154823.0 010 $a0-471-95419-5 035 $a0026825 035 $aUSA010026825 035 $a(ALEPH)000026825USA01 035 $a0026825 100 $a2001996021995-------y0itay0103----ba 101 0 $aeng 102 $aUS 200 1 $aStereoselective synthesis$fRobert S. Atkinson 210 $aChichester [etc.]$cJohn Wiley & Sons$dcopyr. 1995 215 $aXII, 529 p.$cill.$d23 cm 610 1 $acomposti organici 610 1 $asintesi organica 610 1 $astereochimica 676 $a5472$9. 700 1$aAtkinson,$bRobert S.$0144243 801 $aSistema bibliotecario di Ateneo dell' Università di Salerno$gRICA 912 $a990000268250203316 951 $a547.2 ATK$b18362/CBS$c547.2$d00325564 959 $aBK 969 $aSCI 979 $c19960202 979 $c20001110$lUSA01$h1716 979 $c20020403$lUSA01$h1635 979 $aPATRY$b90$c20040406$lUSA01$h1619 979 $aRSIAV6$b90$c20090731$lUSA01$h1251 996 $aStereoselective synthesis$91502580 997 $aUNISA LEADER 01118nam0-22003131i-450 001 990004869240403321 005 20230531091534.0 035 $a000486924 035 $aFED01000486924 035 $a(Aleph)000486924FED01 100 $a19990604d1953----km-y0itay50------ba 101 0 $aspa 102 $aVE 105 $ay-------001yy 200 1 $a<>abate Viscardo$ehistoria y mito de la intervencion de los Jesuitas en la Independencia de Hispanoamérica$fMiguel Batllori 210 $aCaracas$cInstituto Panamericano de Geografia e Historia$d1953 215 $a438 p.$d24 cm 300 $aContiene in appendice le lettere di Juan Pablo Viscardo agli spagnoli d'America, esemplari della Bibliothèque National de Paris e del Archivio General de Indias de Sevilla. - 700 1$aBatllori,$bMiguel$f<1909-2003>$0168708 702 1$aViscardo,$bJuan Pablo 801 0$aIT$bUNINA$gRICA$2UNIMARC 901 $aBK 912 $a990004869240403321 952 $aPE 331$bS.I.$fFLFBC 952 $aBIB. BAT. 1848$bs.i.$fBAT 959 $aFLFBC 959 $aBAT 996 $aAbate Viscardo$9522042 997 $aUNINA